Estatísticas para Reis de Portugal

Clique aqui para jogar o quiz

Estatísticas Gerais

  • Esse quiz foi jogado 250 vezes
  • A pontuação média é 30 de 35

Estatísticas das Respostas

ReinadoReiCognome% Correto
1211-1223D. Afonso IIO Gordo
97%
1245-1279D. Afonso IIIO Bolonhês
97%
1325-1357D. Afonso IVO Bravo
97%
1438-1481D. Afonso VO Africano
97%
1656-1683D. Afonso VIO Vitorioso
97%
1385-1433D. João IO de Boa Memória
95%
1481-1495D. João IIO Príncipe Perfeito
95%
1521-1557D. João IIIO Piedoso
95%
1640-1656D. João IVO Restaurador
95%
1706-1750D. João VO Magnânimo
95%
1816-1826D. João VIO Clemente
95%
1139-1185D. Afonso HenriquesO Conquistador
89%
1357-1367D. Pedro IO Justiceiro
89%
1683-1706D. Pedro IIO Pacífico
89%
1826-1828D. Pedro IVO Rei Soldado
89%
1853-1861D. Pedro VO Esperançoso
89%
1495-1521D. Manuel IO Venturoso
88%
1908-1910D. Manuel IIO Patriota
88%
1777-1816D. Maria IA Piedosa
86%
1834-1853D. Maria IIA Educadora
86%
1185-1211D. Sancho IO Povoador
84%
1223-1245D. Sancho IIO Capelo
84%
1279-1325D. DinisO Lavrador
83%
1557-1578D. SebastiãoO Desejado
83%
1581-1598Filipe IO Prudente
82%
1598-1621Filipe IIO Pio
82%
1621-1640Filipe IIIO Grande
82%
1578-1580Cardeal D. HenriqueO Casto
79%
1889-1908D. CarlosO Diplomata
79%
1750-1777D. JoséO Reformador
76%
1828-1834D. MiguelO Rei Absoluto
74%
1367-1383D. FernandoO Formoso
73%
1861-1889D. LuísO Popular
72%
1433-1438D. DuarteO Eloquente
66%
1580-1580D. AntónioPrior do Crato
61%

Distribuição das Pontuações

Percentil de Números Respondidos

Porcentagem de Pessoas com Cada Pontuação

Sua Pontuação Histórica

Você não jogou esse quiz